| 000 | 01262nam a2200361 i 4500 | ||
|---|---|---|---|
| 001 | 8842 | ||
| 003 | KOSZ 005 | ||
| 005 | 20221021115730.0 | ||
| 008 | 070725s1970 pl a f 000 0 pol | ||
| 015 | _aPB 1970/6541 | ||
| 040 |
_aWA N _cWA N _dKOSZ 005/RW _dKOSZ 005/HR |
||
| 046 | _k1970 | ||
| 080 | _a666.3/.7 | ||
| 100 | 1 |
_aJaniak, Mieczysław. _eAutor |
|
| 245 | 1 | 0 |
_aMaszyny i urządzenia w przemyśle ceramiki budowlanej / _cMieczysław Janiak, Bolesław Mielicki, Henryk Potrzebowski. |
| 260 |
_aWarszawa : _b"Arkady", _c1970. |
||
| 300 |
_a341, [1] s., 2 k. tabl. : _bil. ; _c27 cm. |
||
| 336 |
_2rdacontent _aTekst _btxt |
||
| 337 |
_2rdamedia _aBez urządzenia pośredniczącego _bn |
||
| 338 |
_2rdacarrier _aWolumin _bnc |
||
| 380 | _aKsiążki. | ||
| 388 | _a1901-2000 | ||
| 388 | _a1945-1989 | ||
| 504 | _aBibliogr. przy rozdz. | ||
| 650 | 4 | _aCeramika budowlana | |
| 650 | 4 | _aNarzędzia i maszyny | |
| 658 | _aInżynieria i technika | ||
| 700 | 1 |
_aMielicki, Bolesław _eAutor |
|
| 700 | 1 |
_aPotrzebowski, Henryk _eAutor |
|
| 710 | 2 |
_aWydawnictwo Arkady _4pbl. |
|
| 856 |
_uhttp://koha.tu.koszalin.pl/cgi-bin/koha/opac-detail.pl?biblionumber=8842 _yKatalog online BPK |
||
| 942 |
_2UKD _cKS |
||
| 999 |
_c8842 _d8842 |
||